| 000 | 00814nac a22002291u 4500 | ||
|---|---|---|---|
| 010 | _a 79017425 | ||
| 020 | _a0394506936 | ||
| 022 | _a0586084096 | ||
| 082 | 0 | 0 |
_a398.2452 _bW85012 |
| 090 |
_c2968 _d2968 |
||
| 100 | _aWood, Ramsay, | ||
| 245 | 1 | 0 |
_aKalila and Dimna : _bselected fables of Bidpai / _cretold by Ramsay Wood ; illustrated by Margaret Kilrenny. |
| 250 | _a1st ed. | ||
| 260 |
_aCanada : _bGranada Publishing, _c1980. |
||
| 300 |
_axix, 262 p. : _bill. ; _c22 cm. |
||
| 500 | _aDonations. | ||
| 500 | _aDonations - Dr. Mostafa Gouda. | ||
| 504 | _aIncludes bibliographical references. | ||
| 650 | 0 | _aFables. | |
| 942 |
_cBB _k398.2452W85012 |
||
| 999 |
_c2968 _d2968 |
||